000 00888cab a2200253 4500
001 ABS58952
008 090401t1998 xxu||||| |||| 00| 0 eng d
035 _a(Sirsi) u87147
041 _aeng
100 _aMurrells, P.
245 _aWhose evidence should determine surveyors` negligence?
260 _c1998
350 _a0
490 _aStructural Survey
_v16(2) 1998, 94-95(2)
520 _aDiscusses the case "Sansom and Monaghan v Metcalf Hambleton & Co" (WB3402-30) which held that a surveyor could not be held guilty of negligence on the basis of a structural engineers report.
650 _aABOUT RICS-RICS MEMBERS
650 _aNEGLIGENCE
650 _aSANSOM AND ANOTHER V METCALF HAMBLETON AND CO
650 _aSTRUCTURAL ENGINEERS
650 _aSURVEYORS
690 _aMANAGEMENT-BUSINESS MANAGEMENT-PROFESSIONAL PRACTICE
942 _n0
948 _c02/07/1998
999 _c54933
_d54933